MONUMENTOS DE ASTURIAS - Estadísticas

Estadísticas generales
  • Esta prueba ha sido intentada 313 veces
  • La puntuación promedio es 10 de 16
Estadísticas de respuestas
Imagen Respuesta % Correcto
Basílica de Covadonga
94%
Catedral de Oviedo
91%
Cudillero
88%
Puente Romano de Cangas de Onís
86%
Centro Cultural Niemeyer
85%
Santa María del Naranco
85%
Universidad Laboral de Gijón
85%
Playa de Gulpiyuri
66%
Cubos de la memoria de Llanes
62%
Museo de la Sidra de Nava
54%
Acantilados del Cabo Peñas
52%
Iglesia de San Pedro de Gijón
52%
Cementerio de Luarca
48%
Lastres
46%
Santa Cristina de Lena
25%
Castropol
19%
No se encontraron pruebas coincidentes
Distribución de puntuación
Porcentaje de gente con cada puntuación
Porcentaje por número respondido
Historial de tus puntuaciones
No has intentado esta prueba.